<?xml version="1.0" encoding="UTF-8"?>
<record
    xmlns:xsi="http://www.w3.org/2001/XMLSchema-instance"
    xsi:schemaLocation="http://www.loc.gov/MARC21/slim http://www.loc.gov/standards/marcxml/schema/MARC21slim.xsd"
    xmlns="http://www.loc.gov/MARC21/slim">

  <leader>00645nam a22002177a 4500</leader>
  <controlfield tag="008">240706b        mp ||||| |||| 00| 0 mon d</controlfield>
  <datafield tag="035" ind1=" " ind2=" ">
    <subfield code="a">3984</subfield>
  </datafield>
  <datafield tag="040" ind1=" " ind2=" ">
    <subfield code="a">BH0164090</subfield>
    <subfield code="b">mon</subfield>
    <subfield code="c">MN-UlNLM</subfield>
    <subfield code="d">MN-UlNLM</subfield>
    <subfield code="e">rda</subfield>
  </datafield>
  <datafield tag="041" ind1=" " ind2=" ">
    <subfield code="a">mon</subfield>
  </datafield>
  <datafield tag="042" ind1=" " ind2=" ">
    <subfield code="a">98243</subfield>
  </datafield>
  <datafield tag="084" ind1=" " ind2=" ">
    <subfield code="2">NNA</subfield>
    <subfield code="a">84/2&#x43E;&#x440;&#x43E;&#x441;/</subfield>
    <subfield code="b">&#x41C;-26</subfield>
  </datafield>
  <datafield tag="100" ind1=" " ind2=" ">
    <subfield code="a">&#x41C;&#x430;&#x440;&#x43A;&#x435;&#x441; &#x413;.</subfield>
  </datafield>
  <datafield tag="245" ind1=" " ind2="0">
    <subfield code="a">&#x417;&#x443;&#x443;&#x43D; &#x436;&#x438;&#x43B;&#x438;&#x439;&#x43D; &#x433;&#x430;&#x43D;&#x446;&#x430;&#x430;&#x440;&#x434;&#x430;&#x43B;</subfield>
  </datafield>
  <datafield tag="264" ind1=" " ind2=" ">
    <subfield code="a">&#x423;&#x43B;&#x430;&#x430;&#x43D;&#x431;&#x430;&#x430;&#x442;&#x430;&#x440;</subfield>
    <subfield code="b">&#x423;&#x43B;&#x441;&#x44B;&#x43D; &#x445;&#x44D;&#x432;&#x43B;&#x44D;&#x43B;&#x438;&#x439;&#x43D; &#x433;&#x430;&#x437;&#x430;&#x440;</subfield>
    <subfield code="c">1989</subfield>
  </datafield>
  <datafield tag="300" ind1=" " ind2=" ">
    <subfield code="a">374&#x445;.</subfield>
  </datafield>
  <datafield tag="336" ind1=" " ind2=" ">
    <subfield code="2">rdacontent</subfield>
    <subfield code="a">text</subfield>
    <subfield code="b">txt</subfield>
  </datafield>
  <datafield tag="337" ind1=" " ind2=" ">
    <subfield code="2">rdamedia</subfield>
    <subfield code="a">unmediated</subfield>
    <subfield code="b">n</subfield>
  </datafield>
  <datafield tag="338" ind1=" " ind2=" ">
    <subfield code="2">rdacarrier</subfield>
    <subfield code="a">volume</subfield>
    <subfield code="b">nc</subfield>
  </datafield>
  <datafield tag="650" ind1=" " ind2=" ">
    <subfield code="a">&#x420;&#x43E;&#x43C;&#x430;&#x43D;  </subfield>
  </datafield>
  <datafield tag="942" ind1=" " ind2=" ">
    <subfield code="2">NNA</subfield>
    <subfield code="c">BK</subfield>
  </datafield>
  <datafield tag="952" ind1=" " ind2=" ">
    <subfield code="0">0</subfield>
    <subfield code="1">0</subfield>
    <subfield code="4">0</subfield>
    <subfield code="6">842&#x41E;&#x420;&#x41E;&#x421;_&#x41C;26</subfield>
    <subfield code="7">0</subfield>
    <subfield code="8">BH0161</subfield>
    <subfield code="a">BH0164090</subfield>
    <subfield code="b">BH0164090</subfield>
    <subfield code="c">BH0161</subfield>
    <subfield code="d">2024-07-07</subfield>
    <subfield code="g">1380.00</subfield>
    <subfield code="l">0</subfield>
    <subfield code="o">84/2&#x43E;&#x440;&#x43E;&#x441;/  &#x41C;-26</subfield>
    <subfield code="p">BH0163984-1-1</subfield>
    <subfield code="r">2024-07-07</subfield>
    <subfield code="t">25813</subfield>
    <subfield code="y">BK</subfield>
  </datafield>
  <datafield tag="952" ind1=" " ind2=" ">
    <subfield code="0">0</subfield>
    <subfield code="1">0</subfield>
    <subfield code="4">0</subfield>
    <subfield code="6">842&#x41E;&#x420;&#x41E;&#x421;_&#x41C;26</subfield>
    <subfield code="7">0</subfield>
    <subfield code="8">BH0163</subfield>
    <subfield code="a">BH0164090</subfield>
    <subfield code="b">BH0164090</subfield>
    <subfield code="c">BH0163</subfield>
    <subfield code="d">2024-07-07</subfield>
    <subfield code="g">1380.00</subfield>
    <subfield code="l">0</subfield>
    <subfield code="o">84/2&#x43E;&#x440;&#x43E;&#x441;/  &#x41C;-26</subfield>
    <subfield code="p">BH0163984-6-1</subfield>
    <subfield code="r">2024-07-07</subfield>
    <subfield code="t">25811</subfield>
    <subfield code="y">BK</subfield>
  </datafield>
  <datafield tag="952" ind1=" " ind2=" ">
    <subfield code="0">0</subfield>
    <subfield code="1">0</subfield>
    <subfield code="4">0</subfield>
    <subfield code="6">842&#x41E;&#x420;&#x41E;&#x421;_&#x41C;26</subfield>
    <subfield code="7">0</subfield>
    <subfield code="8">BH0164</subfield>
    <subfield code="a">BH0164090</subfield>
    <subfield code="b">BH0164090</subfield>
    <subfield code="c">BH0164</subfield>
    <subfield code="d">2024-07-07</subfield>
    <subfield code="g">1380.00</subfield>
    <subfield code="l">0</subfield>
    <subfield code="o">84/2&#x43E;&#x440;&#x43E;&#x441;/  &#x41C;-26</subfield>
    <subfield code="p">BH0163984-6-4</subfield>
    <subfield code="r">2024-07-07</subfield>
    <subfield code="t">25812</subfield>
    <subfield code="y">BK</subfield>
  </datafield>
  <datafield tag="999" ind1=" " ind2=" ">
    <subfield code="c">1103375</subfield>
    <subfield code="d">1103432</subfield>
  </datafield>
</record>
